01462nam a2200337Ia 4500001001200000003000800012006001900020007001500039008004100054020001800095020001500113040002100128035002100149050002400170111008100194245022100275246003500496260005800531300002200589504004100611533015200652650002500804650002700829650002800856655002900884700002400913700002700937710001700964856012600981999001701107ebr10255977CaPaEBRm u cr cn|||||||||031219s2003 njua sb 100 0 eng d z9789812383709 z9812383700 aCaPaEBRcCaPaEBR a(OCoLC)26261799214aQB330b.H455 2002eb2 aHellenic Relativity Conferencen(10th :d2002 :cKalithea/Calkidiki, Greece)10aProceedings of the 10th Hellenic Relativity Conference on recent developments in gravityh[electronic resource] :bKalithea/Chalkidiki, Greece, 30 May-2 June 2002 /ceditors, Kostas D. Kokkotas, Nikolaos Stergioulas.3 aRecent developments in gravity a[River Edge] New Jersey :bWorld Scientific,c[c2003] ax, 223 p. :bill. aIncludes bibliographical references. aElectronic reproduction.bPalo Alto, Calif. :cebrary,d2009.nAvailable via World Wide Web.nAccess may be limited to ebrary affiliated libraries. 0aGravityvCongresses. 0aCosmologyvCongresses. 0aRelativityvCongresses. 7aElectronic books.2local1 aKokkotas, Kostas D.1 aStergioulas, Nikolaos.2 aebrary, Inc.40uhttp://site.ebrary.com/lib/rucke/Doc?id=10255977zAn electronic book accessible through the World Wide Web; click to view c33378d33378